| 000 | 01102cam a2200289 i 4500 | ||
|---|---|---|---|
| 999 |
_c57704 _d57704 |
||
| 001 | 19212828 | ||
| 005 | 20221105215610.0 | ||
| 008 | 160804s20172017enka 001 0 eng | ||
| 010 | _a 2016035958 | ||
| 020 | _a9781496363541 1 | ||
| 080 | _a577.1 F-40 | ||
| 100 | 1 |
_aFerrier, Denise R., _eauthor. _99503 |
|
| 245 | 1 | 0 |
_aLippincott Illustrated Reviews : _cDenise R. Ferrier, PhD, Professor, Department of Biochemistry and Molecular Biology, Drexel University College of Medicine, Philadelphia, Pennsylvania. _bBiochemistry / |
| 250 | _aSeventh edition. | ||
| 264 | 4 |
_cPhiladelphia : _aWolters Kluwer, _b[2017]. |
|
| 300 |
_a567 pages : _bcolor illustrations ; _c28 cm. |
||
| 490 | 1 | _aLippincott illustrated reviews | |
| 500 | _aIncludes index. | ||
| 650 | 1 | 2 |
_aBiochemistry _98809 |
| 653 | _aმედიცინა | ||
| 653 | _aბიოქიმია | ||
| 655 | 2 |
_aExamination Questions _99504 |
|
| 655 | 2 |
_aOutlines _99505 |
|
| 830 | 0 |
_aLippincott's illustrated reviews. _99506 |
|
| 942 |
_2udc _cBK |
||
| 955 |
_axn11 2017-06-27 1 copy rec'd., to CIP ver. _arl00 2017-06-29 to SMA |
||